| 000 | 00467nam a2200097Ia 4500 | ||
|---|---|---|---|
| 008 | 170517s9999 xx 000 0 und d | ||
| 245 | 4 | _aThe Truth about Depression | |
| 300 | _aOnly someone who has had it knows how paralyzing depression can be. No one is immune. There's a one in four chance that depression will affect you at some stage in your life. It's bad enough to get it,... | ||
| 650 | _xTechnology. | ||
| 856 | _uhttp://topdocumentaryfilms.com/truth-depression/ | ||
| 999 |
_c335122 _d335122 |
||